Исследования засаливания алмазных кругов на металлической связке; Справочник. Инженерный журнал; № 7

Detaylı Bibliyografya
Parent link:Справочник. Инженерный журнал: научно-технический и производственный журнал.— , 2000-.— 0203-347X
№ 7.— 2003.— С. 15-18
Yazar: Янюшкин А. С.
Dil:Rusça
Baskı/Yayın Bilgisi: 2003
Seri Bilgileri:Современные технологии
Konular:
Materyal Türü: MixedMaterials Kitap Bölümü
KOHA link:https://koha.lib.tpu.ru/cgi-bin/koha/opac-detail.pl?biblionumber=387602

MARC

LEADER 00000naa2a2200000 4500
001 387602
005 20231101063628.0
035 |a (RuTPU)RU\TPU\prd\17370 
090 |a 387602 
100 |a 20030915a2003 k y0rusy50 ca 
101 0 |a rus 
102 |a RU 
200 1 |a Исследования засаливания алмазных кругов на металлической связке  |f А. С. Янюшкин 
225 1 |a Современные технологии 
320 |a Библиогр.: 9 назв. 
461 1 |0 (RuTPU)RU\TPU\prd\1723  |x 0203-347X  |t Справочник. Инженерный журнал  |o научно-технический и производственный журнал  |d 2000- 
463 1 |0 (RuTPU)RU\TPU\prd\16427  |t № 7  |v С. 15-18  |d 2003 
610 1 |a алмазные круги 
610 1 |a засаливание 
610 1 |a заточка 
610 1 |a затачивание 
700 1 |a Янюшкин  |b А. С. 
801 1 |a RU  |b 63413507  |c 20030915  |g PSBO 
801 2 |a RU  |b 63413507  |c 20140116  |g RCR 
942 |c BK